| 000 | 00881nam a22002057a 4500 | ||
|---|---|---|---|
| 003 | OSt | ||
| 005 | 20260219152607.0 | ||
| 008 | 260219b |||||||| |||| 00| 0 eng d | ||
| 040 | _c0 | ||
| 082 | _aDPer 796.07 J826 January-October 2023 v. 42 n. 1-4 | ||
| 100 |
_aRichards, Kevin Andrew _eauthor. _969703 |
||
| 245 |
_aA Practical Approach to Negotiating Authorship and Preparing Manuscripts for Publication _cKevin Andrew Richards, Michael A Hemphill, and Sara B. Flory |
||
| 260 |
_aChampaign, IL ; _bHuman Kinetics, Inc. , _cOctober 2023. |
||
| 300 |
_aVolume 42, pages 767-771 : _billustration ; _c29 cm. |
||
| 500 | _aJournal of Teaching in Physical Education, vol. 42 no. 4, pages 767-771, October 2023. | ||
| 700 |
_aRichards, Kevin Andrew _eauthor. _969703 |
||
| 700 |
_aHemphill, Michael A. _eauthor. _969793 |
||
| 700 |
_aFlory, Sara B. _eauthor. _969629 |
||
| 942 |
_2ddc _cPER |
||
| 999 |
_c24368 _d24368 |
||